| 000 | 00531nam a2200193 i 4500 | ||
|---|---|---|---|
| 001 | 14902 | ||
| 003 | ES-MaACL | ||
| 005 | 20230906150929.0 | ||
| 007 | t| | ||
| 008 | 991117r19981992sp ||||1| spa d | ||
| 020 | _a84-458-0095-7 | ||
| 080 | _a61(038) | ||
| 245 | 0 | 0 | _aDiccionario terminológico de ciencias médicas. |
| 250 | _a13ª ed. | ||
| 260 |
_aBarcelona : _bMasson, _c1992 ( _gimp. 1998) |
||
| 300 |
_a1 v. (pag. var.) ; _c25 cm. |
||
| 650 | 1 | 4 |
_aMedicina- _vDiccionarios. _914897 |
| 852 |
_aES-MaACL _jL-22128 _bR.127416 |
||
| 999 |
_c14902 _d14902 |
||